000 00582nam a2200157 a 4500
001 000032198
005 20200930063520.0
008 110713s1923 dr 000 0 spa d
040 _aDO-SdBNP
_bspa
_cBNPHU
082 _aXXX
_bXXX
100 1 _aRafael V. Montalvo.
_958275
245 1 0 _aNuhry /
_cMontalvo, Rafael v.
260 _a[Barahona] :
_bImp. Moltalvo,
_c1923.
300 _a15 p. ;
_c12 cm.
500 _aCuento escrito para la velada escolar celebrada en la ciudad de Barahona el 27 de febrero del 1916 en comemoración del LXXVI aniversario de nuestra enmacipación política
999 _c31689
_d31689